| 000 | 00486cam a2200169 4500 | ||
|---|---|---|---|
| 001 | 2390 | ||
| 005 | 20181127165047.0 | ||
| 008 | 730306s1959 nyu 000 0 eng | ||
| 010 | _a 59015193 | ||
| 100 | 1 |
_aCummings, E. E. _q(Edward Estlin), _d1894-1962. |
|
| 245 | 0 | 0 |
_a100 selected poems / _ce.e. cummings. |
| 250 | _a[1st Evergreen ed.] | ||
| 260 |
_aNew York : _bGrove Press, _c1959. |
||
| 300 |
_a121 p. : _c21 cm. |
||
| 490 | 0 | _aAn Evergreen book, E-190 | |
| 650 |
_aPoetry. _v _x _y _z _2 |
||
| 999 |
_c1914 _d1914 |
||